| 000 | 00509nam a22001817a 4500 | ||
|---|---|---|---|
| 005 | 20231024083458.0 | ||
| 008 | 231024b |||||||| |||| 00| 0 eng d | ||
| 020 | _a0702160938 | ||
| 041 | _aEnglish | ||
| 082 | _a347 MOR | ||
| 100 |
_aMorris, E _lEnglish |
||
| 245 |
_aTechnique in Litigation / _cE Morris |
||
| 250 | _aSixth Edition | ||
| 260 |
_aCape Town : _bJuta & Ltd, _c2010 |
||
| 300 |
_bxxxviii, 452 pages ; _c25.5 cm. |
||
| 650 |
_aLegal practice _bLaw |
||
| 942 |
_cBK _6ALISON_B_N_VRIES |
||
| 999 |
_c18 _d18 |
||